Appraising residences and income properties
| Main Author: | |
|---|---|
| Format: | Book |
| Published: |
Connecticut :
The H2 Company ,
1991
|
MARC
| LEADER | 00000cam a2200000 7i4500 | ||
|---|---|---|---|
| 001 | 0000014502 | ||
| 005 | 20050505.0 | ||
| 020 | |a 0927054019 | ||
| 040 | |a INS | ||
| 090 | 0 | 0 | |a HD1387 |b H343 1991 |
| 100 | 0 | |a Harrison, Hendry S. | |
| 245 | 1 | 0 | |a Appraising residences and income properties |c Hendry S.Harrison |
| 260 | |a Connecticut : |b The H2 Company , |c 1991 | ||
| 300 | |a 30cm | ||
| 999 | |a 0000003751 |b BOOK |c Open Shelf |e Default branch | ||